Guess the Super Smash Bros. Ultimate character by Image - Statistics

General Stats
  • This quiz has been taken 388 times
  • The average score is 14 of 16
Answer Stats
Picture Answer % Correct
Luigi
100%
Link
99%
Pikachu
97%
Wario
97%
Mii
95%
R.O.B
93%
Joker
91%
Mega Man
91%
Solid Snake
91%
Captain Falcon
88%
Isabelle
85%
Greninja
84%
Ike
82%
Robin
81%
Ice Climbers
78%
Chrom
75%
No matching quizzes found
Score Distribution
Percent of People with Each Score
Percentile by Number Answered
Your Score History
You have not taken this quiz